[Event "Buenos Aires La Porta Cup"]
[Site "Buenos Aires"]
[Date "2014.12.15"]
[Round "3"]
[White "Dos Santos, Ramiro"]
[Black "Lopez, Ricardo"]
[Result "1-0"]
[WhiteElo "2432"]
[BlackElo "2090"]
[PlyCount "62"]
[EventDate "2014.12.13"]
[EventType "swiss"]
[EventRounds "9"]
[EventCountry "ARG"]
[SourceTitle "EXT 2016"]
[Source "ChessBase"]
[SourceDate "2015.10.08"]
[SourceVersion "1"]
[SourceVersionDate "2015.10.08"]
[SourceQuality "1"]

1. d4 Nf6 2. Nf3 d5 3. Bf4 c5 4. e3 Nc6 5. c3 Qb6 6. Qb3 c4 7. Qc2 Bf5 8. Qc1 h6 9. Nbd2 Qd8 10. Be2 e6 11. 0-0 Be7 12. Ne5 Nxe5 13. Bxe5 0-0 14. Re1 b5 15. Bf3 Bd3 16. e4 Nh7 17. exd5 exd5 18. Nf1 Ng5 19. Qd1 Re8 20. Ne3 Nxf3+ 21. Qxf3 Bf8 22. Nf5 Kh7 23. Qf4 Qg5 24. Ne3 Qxf4 25. Bxf4 Red8 26. Bc7 Rd7 27. Ba5 b4 28. a3 Kg6 29. f3 Be7 30. Kf2 f6 31. g3 Bd6 1-0

[Event "ARG-chT"]
[Site "Villa Martelli"]
[Date "2014.10.25"]
[Round "9.3"]
[White "Cuevas, Alex"]
[Black "Lopez, Ricardo"]
[Result "1-0"]
[WhiteElo "2261"]
[BlackElo "2096"]
[PlyCount "75"]
[EventDate "2014.08.30"]
[EventType "team-tourn"]
[EventRounds "9"]
[EventCountry "ARG"]
[SourceTitle "EXT 2015"]
[Source "ChessBase"]
[SourceDate "2014.11.20"]
[SourceVersion "1"]
[SourceVersionDate "2014.11.20"]
[SourceQuality "1"]
[WhiteTeam "Obras AySa"]
[BlackTeam "Tren Verde"]
[WhiteTeamCountry "ARG"]
[BlackTeamCountry "ARG"]

1. g3 Nf6 2. Bg2 d5 3. Nf3 c6 4. b3 Bf5 5. Bb2 e6 6. d3 Nbd7 7. 0-0 h6 8. c4 Bc5 9. e3 0-0 10. Qe2 Qe7 11. Nc3 Bh7 12. a3 a5 13. Nh4 Rfd8 14. Rfe1 Ba7 15. cxd5 exd5 16. e4 dxe4 17. Nxe4 Nxe4 18. Bxe4 Bxe4 19. dxe4 Ne5 20. Nf5 Qe6 21. Rad1 Kh7 22. Kg2 g6 23. Nd4 Qe7 24. f4 Nd7 25. h4 h5 26. Nf5 Qf8 27. Bg7 Qc5 28. Rd6 Qf2+ 29. Qxf2 Bxf2 30. Kxf2 gxf5 31. Bd4 fxe4 32. Rxe4 Nf8 33. Rf6 Rd7 34. Bc3 Ng6 35. f5 Nf8 36. g4 Rad8 37. g5 b6 38. Rh6+ 1-0

[Event "ARG-chT"]
[Site "Villa Martelli"]
[Date "2014.09.27"]
[Round "5.3"]
[White "Godoy Olazabal, Arturo"]
[Black "Lopez, Ricardo"]
[Result "1/2-1/2"]
[WhiteElo "2203"]
[BlackElo "2096"]
[PlyCount "81"]
[EventDate "2014.08.30"]
[EventType "team-tourn"]
[EventRounds "9"]
[EventCountry "ARG"]
[SourceTitle "EXT 2015"]
[Source "ChessBase"]
[SourceDate "2014.11.20"]
[SourceVersion "1"]
[SourceVersionDate "2014.11.20"]
[SourceQuality "1"]
[WhiteTeam "Ventejedrez Plastigal"]
[BlackTeam "Tren Verde"]
[WhiteTeamCountry "ARG"]
[BlackTeamCountry "ARG"]

1. e4 e6 2. d4 d5 3. Nc3 Bb4 4. e5 Qd7 5. a3 Bxc3+ 6. bxc3 b6 7. Nf3 Ba6 8. Bxa6 Nxa6 9. a4 Nb8 10. a5 Nc6 11. axb6 cxb6 12. 0-0 Nge7 13. Ba3 0-0 14. Qd3 h6 15. c4 dxc4 16. Qxc4 Na5 17. Qd3 Rfc8 18. Bxe7 Qxe7 19. Nd2 Qc7 20. Ra2 Qc3 21. Qxc3 Rxc3 22. Ne4 Rc6 23. f4 Rac8 24. c3 R8c7 25. g4 Nc4 26. Rf3 a5 27. f5 b5 28. fxe6 Rxe6 29. Kf2 a4 30. g5 hxg5 31. Nxg5 Rg6 32. Ne4 Rh6 33. h3 Rh4 34. Ng5 Rh6 35. Ke2 Rg6 36. Ne4 Rg2+ 37. Rf2 Rg1 38. Rf1 Rg2+ 39. Rf2 Rg1 40. Rf1 Rg2+ 41. Rf2 1/2-1/2

[Event "Buenos Aires Superior FMDA"]
[Site "Buenos Aires"]
[Date "2014.03.21"]
[Round "3.5"]
[White "Paveto, Kevin"]
[Black "Lopez, Ricardo"]
[Result "1-0"]
[WhiteElo "2347"]
[BlackElo "2091"]
[PlyCount "67"]
[EventDate "2014.03.19"]
[EventType "swiss"]
[EventRounds "6"]
[EventCountry "ARG"]
[SourceTitle "EXT 2024"]
[Source "ChessBase"]
[SourceDate "2023.10.10"]
[SourceVersion "1"]
[SourceVersionDate "2023.10.10"]
[SourceQuality "1"]

1. e4 c5 2. Nf3 e6 3. d4 cxd4 4. Nxd4 a6 5. Bd3 Nc6 6. Nxc6 dxc6 7. 0-0 e5 8. Nd2 Nf6 9. Nc4 Qc7 10. f4 Ng4 11. Qf3 b5 12. Nxe5 Bc5+ 13. Kh1 Nxe5 14. fxe5 Bd4 15. a4 Rb8 16. axb5 axb5 17. Bf4 Be6 18. Qg3 g6 19. c3 Bc5 20. Bh6 Be7 21. Be2 Qc8 22. b4 c5 23. Ra7 Rb7 24. Rfa1 c4 25. Qe3 Qc7 26. Rxb7 Qxb7 27. Ra7 Qb8 28. Bg7 Rg8 29. Bf6 Bf8 30. Qg1 Bc8 31. Qa1 Bb7 32. Qa5 Bc6 33. Qa6 Bxe4 34. Bg4 1-0

[Event "Buenos Aires Superior FMDA"]
[Site "Buenos Aires"]
[Date "2014.03.20"]
[Round "2.3"]
[White "Lopez, Ricardo"]
[Black "Liascovich, Lucas Agustin"]
[Result "0-1"]
[WhiteElo "2091"]
[BlackElo "2448"]
[PlyCount "114"]
[EventDate "2014.03.19"]
[EventType "swiss"]
[EventRounds "6"]
[EventCountry "ARG"]
[SourceTitle "EXT 2024"]
[Source "ChessBase"]
[SourceDate "2023.10.10"]
[SourceVersion "1"]
[SourceVersionDate "2023.10.10"]
[SourceQuality "1"]

1. Nf3 c5 2. c4 Nc6 3. d4 cxd4 4. Nxd4 Nf6 5. Nc3 e6 6. g3 Bb4 7. Bg2 Qa5 8. Ndb5 d5 9. cxd5 Nxd5 10. Bd2 0-0 11. a3 Bxc3 12. Nxc3 Qb6 13. Rb1 Rd8 14. Na4 Qb5 15. 0-0 e5 16. Bxd5 Qxd5 17. Bg5 Bh3 18. Qxd5 Rxd5 19. Rfd1 Nd4 20. Nc3 Rd7 21. f3 Be6 22. Kf2 Bb3 23. Rd2 f6 24. Be3 Rad8 25. Ne4 b6 26. Rc1 Ne6 27. Rxd7 Rxd7 28. Rc3 Ba4 29. g4 Bb5 30. Ng3 Kf7 31. h4 g6 32. h5 Nc7 33. hxg6+ hxg6 34. Rc1 Nd5 35. Bd2 Ke6 36. b3 Ne7 37. a4 Rxd2 38. axb5 Rd5 39. Rc7 Rxb5 40. Rxa7 Rxb3 41. Ne4 Rb2 42. g5 f5 43. Nf6 f4 44. Rb7 Nc6 45. Nd7 b5 46. Nf8+ Kd6 47. Rd7+ Kc5 48. Nxg6 Nd4 49. Ne7 Rxe2+ 50. Kf1 Re3 51. g6 Rxf3+ 52. Ke1 Rg3 53. Kf2 Kc4 54. Rc7+ Kd3 55. Rd7 Ke4 56. Rb7 Rg5 57. Rb6 f3 0-1

[Event "Buenos Aires Bolivar op 4th"]
[Site "Buenos Aires"]
[Date "2011.06.20"]
[Round "6"]
[White "Lopez, Ricardo"]
[Black "Fabian, Gaston"]
[Result "0-1"]
[WhiteElo "2159"]
[BlackElo "2307"]
[PlyCount "76"]
[EventDate "2011.06.13"]
[EventType "swiss"]
[EventRounds "9"]
[EventCountry "ARG"]
[SourceTitle "EXT 2014"]
[Source "ChessBase"]
[SourceDate "2013.11.20"]
[SourceVersion "1"]
[SourceVersionDate "2013.11.20"]
[SourceQuality "1"]

1. Nf3 c5 2. c4 Nc6 3. Nc3 e5 4. g3 g6 5. Bg2 Bg7 6. 0-0 Nge7 7. Ne1 d6 8. Nc2 Be6 9. Ne3 0-0 10. d3 Qd7 11. Re1 Bh3 12. Bh1 f5 13. Ned5 f4 14. Nxe7+ Nxe7 15. Ne4 h6 16. Rb1 Nc6 17. Bd2 Rac8 18. Bc3 Qe7 19. a3 h5 20. b4 b6 21. Rb2 Nd4 22. bxc5 dxc5 23. Bxd4 exd4 24. a4 h4 25. Bf3 fxg3 26. hxg3 hxg3 27. fxg3 Bh6 28. Kh2 Bf5 29. Nf2 Be3 30. Kg2 Kg7 31. Rh1 Rh8 32. Rb1 Bxf2 33. Kxf2 Qe3+ 34. Ke1 Rxh1+ 35. Bxh1 Rh8 36. Bf3 Rh2 37. Qc1 Qf2+ 38. Kd1 Qf1+ 0-1